00713nam a22001937a 450000500170000002000180001708200210003510000280005624501210008426000290020530000150023449000420024965000340029170000250032570000230035094200120037399900190038595201150040420251013110634.0 a9781032089447 a658562Su HEY/R aHeydari, Mohammad92874 aRisk management in supply chains:busing linear and non linear models/cMohammad Heydari, Kin Keung Lai, Zhou Xiaohu aOxon:bRoutledge,c2020. axiv, 250p. aRoutledge Advances in risk management aSupply chain management91628 aKeung Lai, Kin92875 aXiaohu, Zhou92876 cBK2ddc c707064d707064 00104070aIMKbIMKcPROCd2023-11-24g4195.00l0o658.7 HEY/RpIMK17561r2023-11-24 00:00:00w2023-11-24yBK